Secret Tunnel Lyrics Quiz- ATLA - Statistics

General Stats
  • This quiz has been taken 20 times
  • The average score is 33 of 49
Answer Stats
Answer % Correct
SECRET
100%
SECRET
100%
SECRET
100%
SECRET
100%
SECRET
100%
SECRET
100%
SECRET
100%
TUNNEL
100%
TUNNEL
100%
TUNNEL
100%
The
91%
THE
91%
A
82%
A
82%
A
82%
I
82%
And
73%
And
73%
Mountain
73%
MOUNTAIN
73%
THROUGH
73%
Apart
64%
Lovers
64%
One
64%
Two
64%
Another
55%
Be
55%
Divides
55%
Divides
55%
Forbidden
55%
From
55%
It
55%
People
55%
Their
55%
Them
55%
To
55%
War
55%
But
45%
Couple
45%
Goes
45%
Lines
45%
Next
45%
Then
45%
Together
45%
Built
36%
Forget
36%
Path
36%
Yeah
27%
Of
18%
No matching quizzes found
Score Distribution
Percent of People with Each Score
Percentile by Number Answered
Your Score History
You have not taken this quiz